000
00275nam a22001097a 4500
008
160505b xxu||||| |||| 00| 0 eng d
020
_a
0963259903
041
_a
eng
080
_a
61.31
245
_a
Dental communication:
_c
David W. Chambers; Ronald G. Abrams;
942
_2
udc
_c
BK
999
_c
1833
_d
1833